| 000 | 00926cab a2200253 4500 | ||
|---|---|---|---|
| 001 | ABS59968 | ||
| 008 | 090401t1999 xxu||||| |||| 00| 0 eng d | ||
| 035 | _a(Sirsi) u91172 | ||
| 041 | _aeng | ||
| 100 | _aGibb, C. | ||
| 245 | _aFair rents and scarcity in the rented housing sector | ||
| 260 | _c1999 | ||
| 350 | _a0 | ||
| 490 |
_aCSM _bChartered Surveyor Monthly _v8(6) February 1999, 40-41(2) |
||
| 520 | _aThe second of two articles dealing with the supply and demand of rented housing. This one looks at the impact that demand has on the assessment of fair rents. Includes details of sources of information used to assess demand and calculating real demand. Part one ABS 59967. | ||
| 650 | _aFAIR RENTS | ||
| 650 | _aRENT ASSESSMENT | ||
| 650 | _aRENTED HOUSING MARKET | ||
| 650 | _aRENTED HOUSING | ||
| 650 | _aSUPPLY AND DEMAND | ||
| 690 |
_aBlock management _96220 |
||
| 942 | _n0 | ||
| 948 | _c09/02/1999 | ||
| 999 |
_c57853 _d57853 |
||